Il sole e l'innamorato : romanzo /

সংরক্ষণ করুন:
গ্রন্থ-পঞ্জীর বিবরন
প্রধান লেখক: Brescia, Francesco, (1972- ) (লেখক)
বিন্যাস: গ্রন্থ
ভাষা:ইতালিয়
প্রকাশিত: Napoli : Edizioni del Delfino, 2002
মালা:Passaparola
ট্যাগগুলো: ট্যাগ যুক্ত করুন
কোনো ট্যাগ নেই, প্রথমজন হিসাবে ট্যাগ করুন!

MARC

LEADER 00000nam a22000007i 4500
001 IT\ICCU\RMS\1084987
003 ItRI
005 20250930221751.0
008 040521s2002 it |||||| ||||| |||||c
040 |b ita  |c ct 
041 7 |a ita  |2 ISO-639-2 
100 1 |a Brescia, Francesco,  |d  (1972- )  |0 IT\ICCU\MILV\187222  |4 aut 
245 1 2 |a Il sole e l'innamorato :  |b romanzo /  |c Fabio Brescia. 
260 |a Napoli :  |b Edizioni del Delfino,  |c 2002 
300 |a 100 p. ;  |c 20 cm. 
830 0 |a Passaparola  |0 IT\ICCU\RMS\1084990 
942 |2 ddc  |c BK 
952 |0 0  |1 1  |2 ddc  |4 0  |6 853_000000000000000_BRE_SOL  |7 1  |9 305  |a GE  |b GE  |d 2023-11-22  |l 0  |o 853 BRE SOL  |p 1961  |r 2023-11-22 12:35:48  |w 2023-11-22  |y BK 
981 1 |6 z01  |a i   |b xxxe  
982 1 |6 z01  |a n 
999 |c 220  |d 220